| 000 | 00594nam a2200181 a 4500 | ||
|---|---|---|---|
| 005 | 20140412111419.0 | ||
| 008 | 070906s19uu xx 00 eng d | ||
| 020 | _a0-590-52309-0 | ||
| 050 |
_aTR(PS E _bFl59 1999 |
||
| 100 | _aMcMullan, Kate | ||
| 245 |
_aFluffy's 100th day at school / _cKate McMullan. |
||
| 260 |
_aU.S.A : _bScholastic, _c1999. |
||
| 440 | _aHello Reader | ||
| 520 | _aFluffy the guinea pig enjoys himself when Ms. Days class has a party to celebrate the one hundreth day of school. | ||
| 650 |
_aGuinea pigs _xfiction |
||
| 650 |
_aSchools _xfiction |
||
| 999 |
_c105965 _d105965 |
||